| 000 | 00466nam a2200181Ia 4500 | ||
|---|---|---|---|
| 005 | 20250603145614.0 | ||
| 008 | 250603s9999 xx 000 0 und d | ||
| 020 | _a1932099573 | ||
| 050 | _aBP 166.5 .B9520/ | ||
| 100 | _aBüyükçelebi, İsmail | ||
| 245 | 0 | _aProphethood and prophet Muhammad : peace and blessings be upon him | |
| 260 | _aNew Jersey | ||
| 260 | _bThe Light Inc. | ||
| 260 | _c2004 | ||
| 300 | _a24 p | ||
| 650 | _aNew Jersey | ||
| 942 | _cBK | ||
| 999 |
_c42326 _d42326 |
||